AH International Schools' Libraries

(Photocopy) Understanding by design / (Record no. 49595)

MARC details
000 -LEADER
fixed length control field 00321nam a2200109 4500
020 ## - INTERNATIONAL STANDARD BOOK NUMBER
International Standard Book Number 9781416600350
100 ## - MAIN ENTRY--PERSONAL NAME
Personal name Wiggins, Grant.
9 (RLIN) 86710
245 ## - TITLE STATEMENT
Title (Photocopy) Understanding by design /
Statement of responsibility, etc Grant Wiggins and Jay McTighe.
260 ## - PUBLICATION, DISTRIBUTION, ETC. (IMPRINT)
Place of publication, distribution, etc Alexandria, Virginia USA:
Name of publisher, distributor, etc ASCD;
Date of publication, distribution, etc 2005.
300 ## - PHYSICAL DESCRIPTION
Extent 370 p
Dimensions 28 cm.
942 ## - ADDED ENTRY ELEMENTS (KOHA)
Source of classification or shelving scheme
Koha item type Teacher's Resources
Holdings
Withdrawn status Lost status Source of classification or shelving scheme Damaged status Not for loan Collection code Home library Current library Shelving location Date acquired Full call number Barcode Date last seen Price effective from Koha item type
          TEACHERS' RESOURCES Asian Hope Secondary Library Asian Hope Secondary Library SECONDARY 10/02/2025 375 WIG 208729 10/02/2025 10/02/2025 Teacher's Resources

For any Logos Library related questions please contact Miss Art at swongnarasuk@asianhope.org.

For any Asian Hope Library related questions please contact Miss Raza at graza@asianhope.org.

Click here to explore our ebooks!

Powered by Koha